000 01007nam a2200205 i 4500
001 53690
003 ES-MaACL
005 20250823063037.0
007 t|
008 960704s1837 fr ||||1| spa d
040 _aCAM
_bspa
_cCAM
100 1 _aFernandez de Córdoba, Luis,
_d1798-1840
_949653
245 1 0 _aMemoria justificativa que dirige a sus conciudadanos el general Cordova en vindicación de los cargos que por la prensa nacional y extrangera se han hecho a su conducta militar ó política en el mando de los ejércitos de operaciones y de reserva.
260 _aParis :
_b[s.n.],
_c1837 (
_fImprenta de Julio Didot Mayor)
300 _a[2], 434, [1] p., [1] h. de map. pleg. ;
_c23 cm.
594 _aAutor tomado de la dedicatoria manuscrita.
651 4 _aEspaña-
_xHistoria-
_y1833-1840, Guerra carlista
_98250
852 _aES-MaACL
_jG-8875
_z.- Dedicatoria manuscrita de Luis Fernández de Córdoba, Marqués de Mendigorría al Ateneo de Madrid en 1886
999 _c53690
_d53690